[Event "CZE-chT2F 2223"]
[Site "Czech Republic"]
[Date "2022.12.18"]
[Round "5"]
[White "Stancik, Jakub"]
[Black "Omamik, Pavel"]
[Result "1/2-1/2"]
[WhiteElo "2054"]
[BlackElo "2021"]
[PlyCount "101"]
[EventDate "2022.10.16"]
[EventType "team-tourn"]
[EventRounds "11"]
[EventCountry "CZE"]
[SourceTitle "EXT 2024"]
[Source "ChessBase"]
[SourceDate "2023.10.10"]
[SourceVersion "1"]
[SourceVersionDate "2023.10.10"]
[SourceQuality "1"]
[WhiteTeam "Vsetin"]
[BlackTeam "Koprivnice Tatra"]
[WhiteTeamCountry "CZE"]
[BlackTeamCountry "CZE"]

1. e4 g6 2. d4 d6 3. Nc3 Bg7 4. Be3 a6 5. f3 Nc6 6. Qd2 e5 7. d5 Nce7 8. 0-0-0 f5 9. Bd3 f4 10. Bf2 Nf6 11. Kb1 b5 12. a3 0-0 13. Nge2 Bd7 14. Na2 Qb8 15. c4 bxc4 16. Bxc4 Qb7 17. Nb4 Kh8 18. Rc1 a5 19. Nd3 Rfb8 20. Nc3 Nc8 21. Ba2 Nb6 22. Rc2 Qa6 23. Rhc1 Ne8 24. Ka1 Rb7 25. Qe2 Qa7 26. Bc4 Qb8 27. Ba2 Qd8 28. g3 g5 29. Rh1 Rab8 30. h4 Na4 31. Bc4 Nxc3 32. Rxc3 Bb5 33. Bxb5 Rxb5 34. g4 Bf6 35. hxg5 Bxg5 36. Rc2 Kg8 37. Ka2 Qe7 38. Be1 Nf6 39. a4 Rb3 40. Rc3 R3b7 41. Rc6 Qf7 42. Qc2 Ra7 43. Qc4 Qe8 44. Rh2 Qf7 45. Nc1 Ne8 46. Nb3 Rba8 47. Qb5 Bd8 48. Nxa5 Nf6 49. b4 Nd7 50. Bf2 Rb8 51. Bxa7 1/2-1/2

[Event "CZE-chT2F 2223"]
[Site "Czech Republic"]
[Date "2022.11.06"]
[Round "2"]
[White "Filip, Tomas1111"]
[Black "Stancik, Jakub"]
[Result "1-0"]
[WhiteElo "1908"]
[BlackElo "2054"]
[PlyCount "77"]
[EventDate "2022.10.16"]
[EventType "team-tourn"]
[EventRounds "11"]
[EventCountry "CZE"]
[SourceTitle "EXT 2024"]
[Source "ChessBase"]
[SourceDate "2023.10.10"]
[SourceVersion "1"]
[SourceVersionDate "2023.10.10"]
[SourceQuality "1"]
[WhiteTeam "Dobra Sokol"]
[BlackTeam "Vsetin"]
[WhiteTeamCountry "CZE"]
[BlackTeamCountry "CZE"]

1. e4 c5 2. c4 Nc6 3. Nc3 g6 4. g3 Bg7 5. Bg2 d6 6. f4 e5 7. d3 Nge7 8. Nge2 0-0 9. 0-0 a6 10. Nd5 Rb8 11. Nec3 exf4 12. Bxf4 Nxd5 13. Nxd5 Be6 14. Qd2 Bxd5 15. exd5 Nd4 16. Rae1 Qd7 17. b4 cxb4 18. Qxb4 Nc2 19. Qxd6 Qxd6 20. Bxd6 Nxe1 21. Rxe1 Rfe8 22. Rb1 Bd4+ 23. Kf1 Rbd8 24. Bc7 Rd7 25. Rxb7 Be5 26. d6 Bxd6 27. Bxd6 Rxd6 28. Be4 Red8 29. Ke2 f5 30. Bd5+ Kh8 31. Ke3 R8d7 32. Rxd7 Rxd7 33. Kd4 Kg7 34. c5 Kf6 35. c6 Rc7 36. Kc5 Ke7 37. Bc4 Kd8 38. d4 Re7 39. d5 1-0

[Event "CZE-chT1E 2122"]
[Site "Czech Republic"]
[Date "2022.02.20"]
[Round "9.3"]
[White "Stancik, Jakub"]
[Black "Sosna, Jan"]
[Result "1/2-1/2"]
[WhiteElo "2070"]
[BlackElo "2344"]
[PlyCount "95"]
[EventDate "2021.10.09"]
[EventType "team-tourn"]
[EventRounds "11"]
[EventCountry "CZE"]
[SourceTitle "EXT 2023"]
[Source "ChessBase"]
[SourceDate "2022.10.05"]
[SourceVersion "1"]
[SourceVersionDate "2022.10.05"]
[SourceQuality "1"]
[WhiteTeam "Vsetin"]
[BlackTeam "Vlcnov"]
[WhiteTeamCountry "CZE"]
[BlackTeamCountry "CZE"]

1. e4 e5 2. Nf3 Nc6 3. Bb5 Nf6 4. d3 Bc5 5. Bxc6 dxc6 6. Nbd2 Nd7 7. Nc4 f6 8. Be3 0-0 9. Qe2 Re8 10. h3 Qe7 11. 0-0-0 Nf8 12. Kb1 Be6 13. Nh4 g6 14. g3 Rad8 15. Bxc5 Qxc5 16. Ne3 Qe7 17. Nhg2 Bf7 18. f4 Ne6 19. h4 Nd4 20. Qf2 Qe6 21. b3 Qe7 22. Ng4 Be6 23. N2e3 h5 24. f5 hxg4 25. fxe6 Qxe6 26. h5 g5 27. Rdf1 Rf8 28. Kb2 Rd7 29. h6 Kh7 30. Qh2 Rg8 31. Qh5 Rg6 32. Rf2 Rf7 33. Nxg4 Qe7 34. Rhf1 Nb5 35. Ka1 Qb4 36. Qh2 Qd4+ 37. Kb1 Nc3+ 38. Kc1 Nxa2+ 39. Kd2 Qb4+ 40. Kd1 Nc3+ 41. Kc1 Qd6 42. Rf5 Rd7 43. Qg2 Qa3+ 44. Kd2 Qb4 45. Ke3 Qc5+ 46. Kd2 Qb4 47. Ke3 Qc5+ 48. Kd2 1/2-1/2

[Event "CZE-chT2E 2122"]
[Site "Czech Republic"]
[Date "2022.02.13"]
[Round "8.3"]
[White "Kuchar, Matej"]
[Black "Stancik, Jakub"]
[Result "1/2-1/2"]
[WhiteElo "1982"]
[BlackElo "2079"]
[PlyCount "51"]
[EventDate "2021.10.17"]
[EventType "team-tourn"]
[EventRounds "11"]
[EventCountry "CZE"]
[SourceTitle "EXT 2024"]
[Source "ChessBase"]
[SourceDate "2023.10.10"]
[SourceVersion "1"]
[SourceVersionDate "2023.10.10"]
[SourceQuality "1"]
[WhiteTeam "Jundrov Jezdci"]
[BlackTeam "Zlin"]
[WhiteTeamCountry "CZE"]
[BlackTeamCountry "CZE"]

1. e4 c5 2. Nf3 Nc6 3. d4 cxd4 4. Nxd4 e5 5. Nb5 d6 6. N1c3 a6 7. Na3 Be7 8. Nc4 b5 9. Ne3 Nf6 10. g3 0-0 11. Bg2 b4 12. Ncd5 Nxd5 13. Nxd5 Bg5 14. Bxg5 Qxg5 15. Ne3 Qe7 16. a3 Qb7 17. Qxd6 Rd8 18. Qc5 bxa3 19. Qxa3 Rb8 20. Rb1 Qb5 21. c4 Qb3 22. 0-0 Rd2 23. Qc5 Bb7 24. Qa3 Bc8 25. Qc5 Bb7 26. Qa3 1/2-1/2

[Event "Brno op 10th"]
[Site "Brno"]
[Date "2021.11.27"]
[Round "9"]
[White "Stancik, Jakub"]
[Black "Svobodova, Michaela"]
[Result "1/2-1/2"]
[WhiteElo "2079"]
[BlackElo "1934"]
[PlyCount "74"]
[EventDate "2021.11.20"]
[EventType "swiss"]
[EventRounds "9"]
[EventCountry "CZE"]
[SourceTitle "CBM 205 Extra"]
[Source "ChessBase"]
[SourceDate "2022.01.31"]
[SourceVersion "1"]
[SourceVersionDate "2022.01.31"]
[SourceQuality "1"]

1. e4 c5 2. Nf3 e6 3. d4 cxd4 4. Nxd4 a6 5. Bd3 Bc5 6. Nb3 Ba7 7. Qe2 Nc6 8. Be3 Bxe3 9. Qxe3 Nge7 10. c4 d6 11. 0-0 e5 12. Nc3 Be6 13. Rfd1 0-0 14. Nd5 f5 15. exf5 Bxf5 16. c5 Bxd3 17. Nxe7+ Qxe7 18. cxd6 Qxd6 19. Rxd3 Qf6 20. Rad1 Rad8 21. f3 Rxd3 22. Rxd3 Rd8 23. Rxd8+ Qxd8 24. Qe4 h6 25. h3 Qb6+ 26. Kf1 Qb5+ 27. Kf2 a5 28. Qe2 Qb4 29. Qd2 Qh4+ 30. Ke2 a4 31. Qd5+ Kh8 32. Nc5 Qb4 33. Nd3 Nd4+ 34. Ke3 Nf5+ 35. Ke2 Nd4+ 36. Ke3 Nf5+ 37. Ke2 Nd4+ 1/2-1/2

[Event "Brno op 10th"]
[Site "Brno"]
[Date "2021.11.23"]
[Round "4"]
[White "Stancik, Jakub"]
[Black "Benes, Miroslav"]
[Result "1-0"]
[WhiteElo "2079"]
[BlackElo "1988"]
[PlyCount "141"]
[EventDate "2021.11.20"]
[EventType "swiss"]
[EventRounds "9"]
[EventCountry "CZE"]
[SourceTitle "CBM 205 Extra"]
[Source "ChessBase"]
[SourceDate "2022.01.31"]
[SourceVersion "1"]
[SourceVersionDate "2022.01.31"]
[SourceQuality "1"]

1. e4 c5 2. Nf3 Nc6 3. d4 cxd4 4. Nxd4 e5 5. Nb5 d6 6. c4 Be7 7. N1c3 a6 8. Na3 Be6 9. Be2 Bg5 10. 0-0 Bxc1 11. Rxc1 Nf6 12. Nc2 0-0 13. Qd2 Rc8 14. Rfd1 Ne8 15. Nd5 Kh8 16. b3 Qh4 17. Qe3 f5 18. exf5 Bxf5 19. Bd3 Be6 20. Be4 Bxd5 21. Bxd5 Nf6 22. Bf3 Rcd8 23. Rd2 e4 24. Be2 Ne5 25. Qg3 Qh6 26. Rcd1 Nh5 27. Qh4 Nf4 28. Qxh6 gxh6 29. Bf1 Nfd3 30. Ne3 Rg8 31. Kh1 Rdf8 32. Bxd3 Nxd3 33. Kg1 Rg6 34. Nd5 Ne5 35. Re2 Rfg8 36. g3 Nf3+ 37. Kg2 Re8 38. Nc3 Ng5 39. h4 Nf3 40. Rxe4 Rxe4 41. Nxe4 Nxh4+ 42. Kh3 Nf3 43. Rxd6 Ng5+ 44. Nxg5 Rxg5 45. Rxh6 Ra5 46. Rb6 Rxa2 47. f4 Rb2 48. Rxb7 a5 49. c5 Rc2 50. Rb5 Rc3 51. Rxa5 Rxb3 52. Ra7 Rc3 53. Rc7 Kg8 54. Kh4 h5 55. Re7 Rxc5 56. Re5 Rc3 57. Rxh5 Kg7 58. Ra5 Kg6 59. Kg4 Rc6 60. Kh4 Kh6 61. g4 Kh7 62. f5 Rc7 63. Ra6 Rb7 64. Kh5 Kh8 65. g5 Rc7 66. Re6 Kg8 67. f6 Rh7+ 68. Kg6 Rg7+ 69. Kf5 Ra7 70. Re8+ Kf7 71. Re7+ 1-0

[Event "Vsetin op 45th"]
[Site "Vsetin"]
[Date "2020.07.09"]
[Round "8"]
[White "Docekal, Jan"]
[Black "Stancik, Jakub"]
[Result "1-0"]
[WhiteElo "2260"]
[BlackElo "2092"]
[PlyCount "107"]
[EventDate "2020.07.04"]
[EventType "swiss"]
[EventRounds "9"]
[EventCountry "CZE"]
[SourceTitle "CBM 197 Extra"]
[Source "ChessBase"]
[SourceDate "2020.09.30"]
[SourceVersion "1"]
[SourceVersionDate "2020.09.30"]
[SourceQuality "1"]

1. e4 c5 2. Nf3 d6 3. c4 Bg4 4. h3 Bxf3 5. Qxf3 Nc6 6. Bd3 g6 7. Bc2 Bg7 8. Nc3 Nf6 9. Ba4 0-0 10. Bxc6 bxc6 11. 0-0 Nd7 12. b3 a5 13. Bb2 Nb6 14. Rab1 a4 15. Qe2 axb3 16. axb3 Nd7 17. f4 Bd4+ 18. Kh2 Qb6 19. Rf3 Ra7 20. Nd1 Bxb2 21. Rxb2 Rfa8 22. Nf2 Ra2 23. Rxa2 Rxa2 24. Rd3 Qc7 25. Qe3 Nf8 26. Ng4 Ne6 27. Qg3 Qa5 28. f5 Nd4 29. f6 e5 30. Qh4 h5 31. Qg5 Qd8 32. Nh6+ Kf8 33. Nf5 Ke8 34. Nxd4 cxd4 35. b4 Kd7 36. Rf3 Kc7 37. Rb3 Ra4 38. d3 Ra1 39. c5 Qa8 40. Qd2 Qa2 41. cxd6+ Kxd6 42. Rb2 Qa4 43. Qh6 Qa8 44. b5 Ra7 45. Qc1 Qb7 46. Qc4 c5 47. b6 Ra5 48. h4 Ra3 49. Rb5 Rc3 50. Qd5+ Qxd5 51. exd5 Kxd5 52. b7 Rxd3 53. b8Q Ke4 54. Rxc5 1-0

[Event "Vsetin op 45th"]
[Site "Vsetin"]
[Date "2020.07.06"]
[Round "4"]
[White "Urwyler, Nikash"]
[Black "Stancik, Jakub"]
[Result "0-1"]
[WhiteElo "1903"]
[BlackElo "2092"]
[PlyCount "104"]
[EventDate "2020.07.04"]
[EventType "swiss"]
[EventRounds "9"]
[EventCountry "CZE"]
[SourceTitle "CBM 197 Extra"]
[Source "ChessBase"]
[SourceDate "2020.09.30"]
[SourceVersion "1"]
[SourceVersionDate "2020.09.30"]
[SourceQuality "1"]

1. e4 c5 2. Nf3 d6 3. d4 cxd4 4. Nxd4 Nf6 5. Nc3 a6 6. Be3 e6 7. Qd2 b5 8. f3 Nbd7 9. g4 h6 10. h4 Bb7 11. Rg1 Nb6 12. g5 hxg5 13. hxg5 Nfd7 14. g6 Nf6 15. gxf7+ Kxf7 16. Bd3 Rc8 17. Nce2 Nc4 18. Bxc4 Rxc4 19. Nf4 Bc8 20. Ng6 Rh7 21. e5 Nd5 22. f4 Ne7 23. Qd3 Rh3 24. exd6 Rxe3+ 25. Qxe3 Nxg6 26. b3 Rxd4 27. Qxd4 Qxd6 28. Qe3 Qc5 29. Qg3 Qb4+ 30. c3 Qe4+ 31. Kd1 Nxf4 32. Re1 Qd3+ 33. Qxd3 Nxd3 34. Rf1+ Ke7 35. Kc2 Nc5 36. Rad1 Nd7 37. c4 bxc4 38. bxc4 Nf6 39. Kb3 e5 40. Ka4 Be6 41. c5 Bc4 42. Rfe1 Ke6 43. Kb4 Bb5 44. Rc1 Be7 45. a4 Nd5+ 46. Kb3 Bc6 47. Rg1 Bf6 48. Rh1 e4 49. Rh8 e3 50. Rc8 Kd7 51. Rb8 e2 52. Re1 Nf4 0-1

[Event "CZE-chT2E 1920"]
[Site "Czech Republic"]
[Date "2020.06.28"]
[Round "11.4"]
[White "Novy, Martin"]
[Black "Stancik, Jakub"]
[Result "1/2-1/2"]
[WhiteElo "2131"]
[BlackElo "2058"]
[PlyCount "134"]
[EventDate "2019.10.13"]
[EventType "team-tourn"]
[EventRounds "11"]
[EventCountry "CZE"]
[SourceTitle "EXT 2024"]
[Source "ChessBase"]
[SourceDate "2023.10.10"]
[SourceVersion "1"]
[SourceVersionDate "2023.10.10"]
[SourceQuality "1"]
[WhiteTeam "Orechov Orel"]
[BlackTeam "Zlin"]
[WhiteTeamCountry "CZE"]
[BlackTeamCountry "CZE"]

1. d4 Nf6 2. Bg5 d5 3. Bxf6 exf6 4. e3 Bd6 5. g3 Nd7 6. Bg2 c6 7. Ne2 f5 8. Nd2 Nf6 9. 0-0 Ne4 10. c3 0-0 11. Qc2 Qg5 12. Nf3 Qe7 13. c4 dxc4 14. Qxc4 Be6 15. Qc2 Rad8 16. Nc3 Nf6 17. Rfd1 g6 18. Rac1 Rfe8 19. Ne1 Bb8 20. Nd3 h5 21. b4 h4 22. Qb2 hxg3 23. hxg3 Bc4 24. b5 Ng4 25. bxc6 Nxe3 26. fxe3 Bxg3 27. Nf2 Qh4 28. Nh3 bxc6 29. Ne2 Bd5 30. Nxg3 Qxg3 31. Qf2 Rxe3 32. Qxg3 Rxg3 33. Nf4 Be4 34. Kh2 Rg4 35. Bxe4 fxe4 36. Ng2 Kg7 37. Kg1 Rb8 38. Rc2 f5 39. Kf2 Rb6 40. d5 cxd5 41. Rxd5 Ra6 42. Ne3 Rf4+ 43. Ke2 Kf6 44. Rdc5 Kg5 45. Rc6 Ra3 46. Nc4 Rh3 47. Ne5 Rh2+ 48. Ke3 Rh3+ 49. Kd4 Rf1 50. Nxg6 Rd3+ 51. Ke5 Kg4 52. Rg2+ Kh3 53. Rg5 Rdf3 54. Ne7 Kh2 55. Nxf5 R1f2 56. Rh6+ Rh3 57. Rxh3+ Kxh3 58. Rg3+ Kh2 59. Ra3 Rf3 60. Re3 Kg2 61. Nh4+ Kf2 62. Nxf3 Kxe3 63. Ng5 Kd3 64. Nxe4 Kc4 65. Kd6 Kb4 66. Kc6 a5 67. Nc5 Ka3 1/2-1/2

[Event "Vsetin op 44th"]
[Site "Vsetin"]
[Date "2019.07.02"]
[Round "5"]
[White "Stancik, Jakub"]
[Black "Laurincova, Kristyna"]
[Result "1-0"]
[WhiteElo "2096"]
[BlackElo "1984"]
[PlyCount "55"]
[EventDate "2019.06.29"]
[EventType "swiss"]
[EventRounds "9"]
[EventCountry "CZE"]
[SourceTitle "CBM 191 Extra"]
[Source "ChessBase"]
[SourceDate "2019.09.30"]
[SourceVersion "1"]
[SourceVersionDate "2019.09.30"]
[SourceQuality "1"]

1. e4 c5 2. Nf3 d6 3. d4 cxd4 4. Nxd4 Nf6 5. Nc3 g6 6. Be3 Bg7 7. f3 0-0 8. Qd2 Nc6 9. Bc4 Nd7 10. 0-0-0 Nb6 11. Bb3 Na5 12. Bh6 Nbc4 13. Qg5 Bf6 14. Qg3 Re8 15. h4 e6 16. Bg5 Kg7 17. Ndb5 h6 18. Bxf6+ Qxf6 19. Nxd6 Nxd6 20. Rxd6 Nxb3+ 21. axb3 b6 22. Nd5 Qd4 23. c3 Qc5 24. Qe5+ Kg8 25. Nf6+ Kf8 26. Qxc5 bxc5 27. Nxe8 Kxe8 28. Rc6 1-0

[Event "CZE-chT2E 1819"]
[Site "Czech Republic"]
[Date "2019.03.31"]
[Round "11.5"]
[White "Zvolanek, Libor"]
[Black "Stancik, Jakub"]
[Result "1/2-1/2"]
[WhiteElo "2107"]
[BlackElo "2250"]
[PlyCount "86"]
[EventDate "2018.10.14"]
[EventType "team-tourn"]
[EventRounds "11"]
[EventCountry "CZE"]
[SourceTitle "EXT 2022"]
[Source "ChessBase"]
[SourceDate "2021.10.06"]
[SourceVersion "1"]
[SourceVersionDate "2021.10.06"]
[SourceQuality "1"]
[WhiteTeam "Grygov"]
[BlackTeam "Vsetin"]
[WhiteTeamCountry "CZE"]
[BlackTeamCountry "CZE"]

1. e4 c5 2. Nf3 d6 3. d3 Nc6 4. g3 g6 5. Bg2 Bg7 6. 0-0 Rb8 7. a4 a6 8. c3 Nf6 9. Re1 0-0 10. d4 cxd4 11. cxd4 d5 12. e5 Ne4 13. Nbd2 Nxd2 14. Qxd2 Na5 15. Qb4 b5 16. Bg5 Re8 17. Bf1 Nc4 18. axb5 axb5 19. b3 Bg4 20. Bg2 Nb6 21. Rec1 Qd7 22. Ne1 f6 23. exf6 exf6 24. Bf4 Bf8 25. Rc5 Ra8 26. Rac1 Ra2 27. Qxb5 Bxc5 28. Qxd7 Nxd7 29. Bxd5+ Be6 30. Bxe6+ Rxe6 31. dxc5 Nxc5 32. b4 Nb3 33. Rc8+ Kf7 34. Nf3 Re7 35. Rc3 Rb2 36. h4 Rd7 37. Rc4 Ke6 38. Rc6+ Kf7 39. Be3 Rb1+ 40. Kg2 Ke7 41. g4 Rb7 42. Kg3 Rd1 43. Rc4 Rb1 1/2-1/2

[Event "CZE-chT2E 1819"]
[Site "Czech Republic"]
[Date "2019.01.27"]
[Round "7.3"]
[White "Stancik, Jakub"]
[Black "Kocian, Miroslav"]
[Result "1/2-1/2"]
[WhiteElo "2250"]
[BlackElo "2031"]
[PlyCount "71"]
[EventDate "2018.10.14"]
[EventType "team-tourn"]
[EventRounds "11"]
[EventCountry "CZE"]
[SourceTitle "EXT 2022"]
[Source "ChessBase"]
[SourceDate "2021.10.06"]
[SourceVersion "1"]
[SourceVersionDate "2021.10.06"]
[SourceQuality "1"]
[WhiteTeam "Vsetin"]
[BlackTeam "Zlin"]
[WhiteTeamCountry "CZE"]
[BlackTeamCountry "CZE"]

1. e4 d6 2. d4 Nf6 3. Nc3 g6 4. f4 Bg7 5. Nf3 c5 6. d5 0-0 7. Bd3 a6 8. a4 Qa5 9. Bd2 e6 10. 0-0 c4 11. Be2 Qc5+ 12. Kh1 exd5 13. exd5 Re8 14. a5 Ng4 15. Na4 Nf2+ 16. Rxf2 Qxf2 17. Bxc4 Bg4 18. Nb6 Ra7 19. Bb4 Nd7 20. Nxd7 Bxd7 21. Bxd6 Bxb2 22. Rb1 Bg4 23. Bb4 Bf6 24. Bd3 Bd4 25. h3 Bxf3 26. Qxf3 Qh4 27. Bd2 Qf6 28. Rb3 b5 29. axb6 Bxb6 30. Kh2 Qd4 31. Rb1 Rd7 32. Bxa6 Qxd5 33. Qxd5 Rxd5 34. Bd3 Be3 35. Bxe3 Rxe3 36. Rb4 1/2-1/2

[Event "CZE-chT2E 1718"]
[Site "Czech Republic"]
[Date "2018.03.18"]
[Round "10.5"]
[White "Fojtik, Tomas"]
[Black "Stancik, Jakub"]
[Result "0-1"]
[WhiteElo "2108"]
[BlackElo "2034"]
[PlyCount "108"]
[EventDate "2017.10.15"]
[EventType "team-tourn"]
[EventRounds "11"]
[EventCountry "CZE"]
[SourceTitle "EXT 2022"]
[Source "ChessBase"]
[SourceDate "2021.10.06"]
[SourceVersion "1"]
[SourceVersionDate "2021.10.06"]
[SourceQuality "1"]
[WhiteTeam "Lipovec Garde"]
[BlackTeam "Vsetin"]
[WhiteTeamCountry "CZE"]
[BlackTeamCountry "CZE"]

1. d4 Nf6 2. Nf3 e6 3. g3 d5 4. Bg2 b5 5. c3 c5 6. 0-0 Nbd7 7. Bg5 Qb6 8. Nbd2 Bb7 9. dxc5 Bxc5 10. Nb3 Bd6 11. Be3 Qc7 12. Nbd4 a6 13. a4 bxa4 14. Qxa4 0-0 15. Qc2 Rfe8 16. Nb3 Rab8 17. Ba7 Ra8 18. Be3 Ng4 19. Bc1 Rab8 20. Nfd2 e5 21. Qf5 Ngf6 22. Re1 g6 23. Qg5 Bf8 24. Qh4 Bg7 25. Nb1 Ba8 26. N3d2 Qb6 27. Qa4 Bb7 28. Qa5 Qd6 29. Qa3 Qe6 30. Qa2 Nc5 31. b4 Ncd7 32. e4 Qd6 33. Ba3 dxe4 34. b5 Qc7 35. bxa6 Bxa6 36. Nxe4 Nxe4 37. Bxe4 Bc4 38. Qd2 Nc5 39. Bxc5 Qxc5 40. Rc1 Red8 41. Qe1 Bh6 42. Rd1 Rxd1 43. Qxd1 Rb2 44. Bc2 Be3 45. Qe1 Bxf2+ 46. Qxf2 Qxf2+ 47. Kxf2 Rxc2+ 48. Ke3 Re2+ 49. Kf3 Rxh2 50. Na3 Bd5+ 51. Ke3 Rg2 52. c4 Rxg3+ 53. Kd2 Be4 54. c5 Rd3+ 0-1

[Event "CZE-chT2E 1718"]
[Site "Czech Republic"]
[Date "2017.12.03"]
[Round "4.3"]
[White "Bednarik, Josef"]
[Black "Stancik, Jakub"]
[Result "0-1"]
[WhiteElo "2108"]
[BlackElo "2034"]
[PlyCount "38"]
[EventDate "2017.10.15"]
[EventType "team-tourn"]
[EventRounds "11"]
[EventCountry "CZE"]
[SourceTitle "EXT 2022"]
[Source "ChessBase"]
[SourceDate "2021.10.06"]
[SourceVersion "1"]
[SourceVersionDate "2021.10.06"]
[SourceQuality "1"]
[WhiteTeam "Zlin"]
[BlackTeam "Vsetin"]
[WhiteTeamCountry "CZE"]
[BlackTeamCountry "CZE"]

1. d4 Nf6 2. Nc3 d5 3. g3 c5 4. Bg2 cxd4 5. Qxd4 Nc6 6. Qd1 d4 7. Ne4 e5 8. Nxf6+ Qxf6 9. Nf3 Bb4+ 10. Nd2 Bf5 11. 0-0 0-0 12. a3 Ba5 13. Nb3 Bb6 14. Bd2 Rfd8 15. Rc1 e4 16. Qe1 Qe6 17. Na5 Rd5 18. Nc4 Bc7 19. c3 b5 0-1

[Event "CZE-chT2E 1617"]
[Site "Czech Republic"]
[Date "2017.04.02"]
[Round "11.7"]
[White "Stancik, Jakub"]
[Black "Zabloudil, Radek"]
[Result "1/2-1/2"]
[WhiteElo "2037"]
[BlackElo "1736"]
[PlyCount "84"]
[EventDate "2016.09.10"]
[EventType "team-tourn"]
[EventRounds "11"]
[EventCountry "CZE"]
[SourceTitle "EXT 2022"]
[Source "ChessBase"]
[SourceDate "2021.10.06"]
[SourceVersion "1"]
[SourceVersionDate "2021.10.06"]
[SourceQuality "1"]
[WhiteTeam "Vsetin"]
[BlackTeam "Vyskov"]
[WhiteTeamCountry "CZE"]
[BlackTeamCountry "CZE"]

1. e4 c5 2. Nf3 Nc6 3. d4 cxd4 4. Nxd4 Nf6 5. Nc3 e5 6. Ndb5 d6 7. Bg5 a6 8. Na3 b5 9. Bxf6 gxf6 10. Nd5 Bg7 11. c3 f5 12. exf5 Bxf5 13. Nc2 Ne7 14. Nce3 Be6 15. a4 Rb8 16. axb5 axb5 17. Qb3 0-0 18. Bxb5 f5 19. Ra7 Nc8 20. Ra6 f4 21. Nc2 Nb6 22. Ncb4 Nxd5 23. Nxd5 Rf7 24. Qc4 Rfb7 25. Bc6 Rxb2 26. 0-0 Rb1 27. Ra1 Rxf1+ 28. Kxf1 Rc8 29. Ra7 Kh8 30. Qb5 Rb8 31. Qd3 Qf8 32. Nb4 Bf5 33. Be4 Bxe4 34. Qxe4 Qc8 35. Nd5 Qc6 36. g3 fxg3 37. hxg3 Rf8 38. Qg4 Qb5+ 39. Kg1 Qb1+ 40. Kg2 Bh6 41. Qe2 Qf5 42. Ra4 Qf7 1/2-1/2

[Event "CZE-chT2E 1617"]
[Site "Czech Republic"]
[Date "2017.02.26"]
[Round "9.7"]
[White "Stancik, Jakub"]
[Black "Fojtik, Tomas"]
[Result "0-1"]
[WhiteElo "2037"]
[BlackElo "2056"]
[PlyCount "62"]
[EventDate "2016.09.10"]
[EventType "team-tourn"]
[EventRounds "11"]
[EventCountry "CZE"]
[SourceTitle "EXT 2022"]
[Source "ChessBase"]
[SourceDate "2021.10.06"]
[SourceVersion "1"]
[SourceVersionDate "2021.10.06"]
[SourceQuality "1"]
[WhiteTeam "Vsetin"]
[BlackTeam "Lipovec Garde"]
[WhiteTeamCountry "CZE"]
[BlackTeamCountry "CZE"]

1. e4 c5 2. Nf3 e6 3. d4 cxd4 4. Nxd4 a6 5. Bd3 Qc7 6. Qe2 Nc6 7. Nb3 Nf6 8. 0-0 Be7 9. Nc3 0-0 10. Bd2 d6 11. Kh1 b5 12. a3 Bb7 13. f4 Rfe8 14. Rae1 Nd7 15. Rf3 Bf6 16. g4 Nd4 17. Nxd4 Bxd4 18. Rh3 g6 19. Qf3 d5 20. Nd1 dxe4 21. Bxe4 Bxe4 22. Qxe4 Bg7 23. Bc3 Nf6 24. Qf3 Rad8 25. Ne3 Nd5 26. Nxd5 exd5 27. Rxe8+ Rxe8 28. Qxd5 Bxc3 29. Rxc3 Qxf4 30. Qf3 Qd2 31. Qc6 Re1# 0-1

[Event "CZE-chT2E 1617"]
[Site "Czech Republic"]
[Date "2016.11.27"]
[Round "4.6"]
[White "Stancik, Jakub"]
[Black "Kunc, Miroslav"]
[Result "1-0"]
[WhiteElo "2037"]
[BlackElo "2049"]
[PlyCount "141"]
[EventDate "2016.09.10"]
[EventType "team-tourn"]
[EventRounds "11"]
[EventCountry "CZE"]
[SourceTitle "EXT 2022"]
[Source "ChessBase"]
[SourceDate "2021.10.06"]
[SourceVersion "1"]
[SourceVersionDate "2021.10.06"]
[SourceQuality "1"]
[WhiteTeam "Vsetin"]
[BlackTeam "Stare Mesto II"]
[WhiteTeamCountry "CZE"]
[BlackTeamCountry "CZE"]

1. e4 e6 2. d4 d5 3. Nd2 c5 4. exd5 exd5 5. Ngf3 Bd6 6. dxc5 Bxc5 7. Bb5+ Nc6 8. 0-0 Nge7 9. Nb3 Bd6 10. Bg5 f6 11. Bh4 Bg4 12. Bg3 0-0 13. Bxd6 Qxd6 14. Be2 Rfe8 15. Re1 Rad8 16. Nfd4 Bxe2 17. Qxe2 Ng6 18. Qb5 Qd7 19. c3 a6 20. Qd3 Nce5 21. Qc2 b6 22. Nf5 Nf4 23. Nbd4 g6 24. Ne3 Ned3 25. Red1 Nc5 26. Ne2 Nxe2+ 27. Qxe2 Qe6 28. Rd4 Rd6 29. Rad1 Red8 30. Kf1 Kf7 31. Nc2 Qe5 32. g3 Qxe2+ 33. Kxe2 a5 34. Ne3 Ke6 35. Ng2 g5 36. g4 f5 37. Ne3 f4 38. Nf5 R6d7 39. h4 Kf6 40. Kf3 gxh4 41. Nxh4 Ne6 42. R4d2 Kg5 43. Rh1 d4 44. c4 h5 45. gxh5 d3 46. Kg2 Kf6 47. Ng6 f3+ 48. Kxf3 Ng5+ 49. Kg2 Ne4 50. Rdd1 Rd4 51. Nf4 Rxc4 52. Rxd3 Rg8+ 53. Ng6 Rc2 54. Rh4 Nc5 55. Rd6+ Kg7 56. Rf4 Rxb2 57. Kf3 Re8 58. Nh4 Rxa2 59. Rxb6 Rxf2+ 60. Kxf2 Nd3+ 61. Kf3 Nxf4 62. Kxf4 Rc8 63. h6+ Kh7 64. Kg5 Rc5+ 65. Nf5 Rc1 66. Rb7+ Kh8 67. Rb5 a4 68. Ra5 Rc4 69. Nh4 Rb4 70. Ra8+ Kh7 71. Ra7+ 1-0